LEADER 01062nlm 2200277Ia 450 001 996715308803316 005 20260324131646.0 100 $a19840822d1677---- uy | 101 0 $aeng 102 $aUK 135 $adrcnu 200 1 $a<> lamentation for the loss of the good man$eoccasioned by the dissolution of that eminently good, godly, and merciful man and minister of Christ, Mr. John Horne of Lynn-Regis, formerly preacher of the gospel of the grace of God at Lynn-all-Hallowes in Norfolk$fby Charles Phelpes 210 1 $aLondon$c[s.n.]$d1677 215 $aTesto elettronico (PDF) ([16], 176 p.) 230 $aBase dati testuale 300 $aFoglio delle errata corrige: pagina preliminare 6 300 $aRiproduzione dell'originale conservato presso la Harvard University Library 606 0 $aSermoni$2BNCF 676 $a204.3 700 1$aPHELPES,$bCharles$01008646 801 0$aIT$bcba$cREICAT 912 $a996715308803316 959 $aEB 969 $aER 996 $aLamentation for the loss of the good man$94554013 997 $aUNISA